| 000 | 00000nas 2200000za 4500 |
| 001 | 9.808769 |
| 003 | CaOODSP |
| 005 | 20221107140453 |
| 007 | cr ||||||||||| |
| 008 | 160108u2006 xxc x m o f000#|0fre|d |
| 040 | |aCaOODSP|bfre |
| 043 | |an-cn--- |
| 086 | 1 |aH128-1/08-538F-PDF |
| 130 | 0 |aSIMDUT aide-mémoire. |
| 245 | 10|aSIMDUT aide-mémoire |h[ressource électronique] : |bSystème d'information sur les matières dangereuses utilisés au travail. |
| 260 | |aOttawa : |bSanté Canada, |c[2006]- |
| 300 | |av. |
| 310 | |aIrregulier |
| 500 | |aPublié aussi en anglais sous le titre : WHMIS quick facts |
| 550 | |aPubl. en collab. avec : Centre canadien d'hygiène et de sécurité au travail. |
| 692 | 07|2gccst|aMatière dangereuse |
| 692 | 07|2gccst|aSécurité au travail |
| 710 | 1 |aCanada. |bSanté Canada. |
| 710 | 2 |aCentre canadien d'hygiène et de sécurité au travail. |
| 775 | 08|tWHMIS quick facts |w(CaOODSP)9.808765 |